| 000 | 00850nam a2200253 i 4500 | ||
|---|---|---|---|
| 003 | CO-ViMGA | ||
| 005 | 20230915224424.0 | ||
| 008 | 201216s2020 ck |jr|||| 00| f spa d | ||
| 020 | _a9789585161153 | ||
| 040 |
_aCO-ViMGA _bspa _cCO-ViMGA |
||
| 084 | _aN ECH3 | ||
| 100 | 1 |
_aEchavarria, Albeiro _eautor _9168311 |
|
| 245 | 1 | 3 |
_aLa niebla no pudo ocultarlo / _cAlbeiro EchavarriĀa |
| 250 | _aEdicion especial | ||
| 260 |
_aBogota : _bLoqueleo, _c2020 |
||
| 300 |
_a249 paginas _c22 cm |
||
| 490 | 0 | _aPlan Nacional de Lectura y Escritura Leer es mi Cuento / Ministerio de Cultura | |
| 650 | 1 | 7 |
_2LEMB _aAutores colombianos _9168312 |
| 650 | 1 | 7 |
_2LEMB _aCrimen _vNovela _9131895 |
| 650 | 1 | 7 |
_2LEMB _aLiteratura juvenil colombiana _96389 |
| 650 | 1 | 7 |
_2LEMB _aNovela juvenil colombiana _92812 |
| 650 | 1 | 7 |
_2LEMB _aSecretos _vNovela _915329 |
| 942 |
_2ddc _cBK |
||
| 999 |
_c9152 _d9152 |
||